How to do homework without throwing up / (Record no. 2287)

MARC details
000 -LEADER
fixed length control field 01022cam a2200325 a 4500
001 - CONTROL NUMBER
control field 2287
003 - CONTROL NUMBER IDENTIFIER
control field FISKH
005 - DATE AND TIME OF LATEST TRANSACTION
control field 20250404101736.0
008 - FIXED-LENGTH DATA ELEMENTS--GENERAL INFORMATION
fixed length control field 961009s1997 mnua j 000 0 eng
010 ## - LIBRARY OF CONGRESS CONTROL NUMBER
LC control number 96047405
020 ## - INTERNATIONAL STANDARD BOOK NUMBER
International Standard Book Number 1575420112
020 ## - INTERNATIONAL STANDARD BOOK NUMBER
International Standard Book Number 9781575420110
040 ## - CATALOGING SOURCE
Original cataloging agency DLC
Transcribing agency DLC
Modifying agency DLC
Language of cataloging eng
050 00 - LIBRARY OF CONGRESS CALL NUMBER
Classification number LB1048
Item number .R59 1997
082 00 - DEWEY DECIMAL CLASSIFICATION NUMBER
Classification number 371.3/028/1
Edition number 21
100 1# - MAIN ENTRY--PERSONAL NAME
Personal name Romain, Trevor.
245 10 - TITLE STATEMENT
Title How to do homework without throwing up /
Statement of responsibility, etc. written and illustrated by Trevor Romain ; edited by Elizabeth Verdick.
260 ## - PUBLICATION, DISTRIBUTION, ETC.
Place of publication, distribution, etc. Minneapolis :
Name of publisher, distributor, etc. Free Spirit,
Date of publication, distribution, etc. 1997.
300 ## - PHYSICAL DESCRIPTION
Extent 67 pages :
Other physical details illustrations ;
Dimensions 18 cm
490 ## - SERIES STATEMENT
Series statement Laugh and learn
505 ## - FORMATTED CONTENTS NOTE
Formatted contents note R<br/>
520 ## - SUMMARY, ETC.
Summary, etc. Discusses a variety of simple techniques for getting homework done.
521 8# - TARGET AUDIENCE NOTE
Target audience note 760<br/>
Source Lexile<br/>
521 8# - TARGET AUDIENCE NOTE
Target audience note R<br/>
Source Raz-Plus<br/>
650 #0 - SUBJECT ADDED ENTRY--TOPICAL TERM
Topical term or geographic name entry element Homework
General subdivision Juvenile literature.
650 #1 - SUBJECT ADDED ENTRY--TOPICAL TERM
Topical term or geographic name entry element Homework.
700 1# - ADDED ENTRY--PERSONAL NAME
Personal name Verdick, Elizabeth
Relator term Editor
906 ## - LOCAL DATA ELEMENT F, LDF (RLIN)
a 7
b cbc
c orignew
d 1
e ocip
f 19
g y-gencatlg
942 ## - ADDED ENTRY ELEMENTS (KOHA)
Source of classification or shelving scheme Dewey Decimal Classification
Koha item type Books
Suppress in OPAC No
Holdings
Withdrawn status Lost status Source of classification or shelving scheme Damaged status Not for loan Collection Home library Current library Shelving location Date acquired Total Checkouts Full call number Barcode Date last seen Date last checked out Price effective from Koha item type Copy number
    Dewey Decimal Classification     Non-Fiction Footprints International School Library Network Toul Kork Campus Footprints International School Library Network Toul Kork Campus TK Primary Library Room(4th Floor), Bookcase 5&6, Shelves 33-56, Orange Books 11/15/2023 1 ROM 371.30281 LB1048.R59 FISTK00469 03/02/2026 02/02/2026 11/15/2023 Books  
    Dewey Decimal Classification     Non-Fiction Footprints International School Library Network Toul Tom Poung Campus Footprints International School Library Network Toul Tom Poung Campus TTP Primary Orange Bookshelves 04/04/2025   ROM 371.30281 LB1048.R59 2025-0967 04/04/2025   04/04/2025 Books 2